Histoire de la Champagne - Statistiques

Statistiques générales
  • Ce quiz a été pris 69 fois
  • Le résultat moyen est 7 sur 25
Statistiques - réponses
Indice Réponse % Correct
Plus grande ville Reims
100%
Région actuelle Grand est
95%
Capitale historique Troyes
57%
Troyes
57%
Dirigeant de la France libre pendant la seconde guerre mondiale Charles de Gaulle
47%
Lourde défaite contre la Prusse en 1870, qui y capture Napoléon III Sedan
41%
Fameuse ligne défensive qui ne parvint pas jusqu'aux Ardennes Ligne Maginot
40%
Bataille du début de la première guerre mondiale Marne
40%
Lieu de son décès, où est érigé un mémorial Colombey-les-Deux-Églises
34%
Bataille fondatrice de la première république, en 1792 Valmy
29%
Marchés médiévaux comptant parmi les plus fastes de leur époque Foires de Champagne
21%
Mythe autour du moyen d'acheminement de quelques milliers de soldats de cette bataille Taxis de la Marne
19%
Célèbre auteur, notamment de Perceval Chrétien de Troyes
17%
Provins
17%
Ville anciennement champenoise, inscrite à l'Unesco Provins
17%
Bar-sur-Aube
10%
Victoire majeure des wisigoths sur les Huns, en 451 Champs Catalauniques
10%
Type d'état qui dirigeait celle-ci au moyen-âge Évêché
10%
Prénom porté par de nombreux Comtes de Champagne Thibaut
10%
Bataille majeure de 1643, qui fait la renommée du futur Grand Condé Rocroi
7%
Villes hôtes de ceux-ci Lagny-sur-Marne
5%
Devise des comtes de Champagne Passavant
5%
Autre titre porté par celui-ci, passé par la suite au roi de France Roi de Navarre
5%
Maison de ceux-ci Blois
2%
Occupation artistique du quatrième du dit nom Trouvère
2%
Aucun quiz correspondant
Distribution des résultats
% des personnes avec chaque résultat
Percentile par nombre de réponses
Votre historique - résultats
Vous n’avez pas pris ce quiz